000 00716nam a22001577a 4500
999 _c61175
_d61175
005 20231227113733.0
008 231227s1977 ru ||||| |||| 00| 0 rus d
041 _arus
080 _a7.031(32) И-36
245 _aИскусство Востока и античности :
_bСборник статей /
_cАкад. наук СССР. Институт востоковедения.
264 _a М.:
_bНаука,
_c1977.
300 _a168 с.:
_bил.;
_c22 см.
653 _aაღმოსავლეთის ხელოვნება და ანტიკურობა
710 _aАкад. наук СССР.
_dИнститут востоковедения
_920912
942 _2udc
_cᲬᲘᲒᲜᲘ